Solar heating and cooling : engineering, practical design, and economics

Αποθηκεύτηκε σε:
Λεπτομέρειες βιβλιογραφικής εγγραφής
Κύριος συγγραφέας: Kreider, Jan F., 1942-
Άλλοι συγγραφείς: Kreith, Frank
Μορφή: Βιβλίο
Γλώσσα:English
Δημοσίευση: Washington : Hemisphere, 1977
Θέματα:
Ετικέτες: Προσθήκη ετικέτας
Δεν υπάρχουν, Καταχωρήστε ετικέτα πρώτοι!

MARC

LEADER 00000cam a2200000 i 4500
001 1/6501
008 000614s1975 eng d
020 |a 0070354731 
035 |l 10061954 
040 |a GR-MY-UA  |b gre  |e aacr 
041 0 |a eng 
082 0 |a 697.78 
100 1 |a Kreider, Jan F.,   |d 1942- 
245 1 0 |a Solar heating and cooling :  |b engineering, practical design, and economics /  |c Jan F. Kreider, Frank Kreith 
260 |a Washington :   |b Hemisphere,   |c 1977 
300 |a 342 p.  |b tables 
500 |a Revised first edition 
504 |a index: p.339-342 
650 0 0 |a Solar heating. 
650 0 0 |a Solar air conditioning. 
700 1 |a Kreith, Frank. 
852 |a INST  |b LESVOS  |e 20000614  |h 697.78 KRE  |p 005100023470  |q 005100023470  |t BK  |y 0 
970 |z 2000/06/ΟΙΚΟΝΟΜΟΠΟΥΛΟΥ ΧΡΙΣΤΙΝΑ